| 000 | 00341nam a2200145 i 4500 | ||
|---|---|---|---|
| 001 | bg | ||
| 100 | 1 | _aRZADKOWSKI, Stanisław | |
| 245 | 0 |
_aSprzęgi pił / _cStanisław Rzadkowski. |
|
| 250 | _aWyd.3 zaktual. | ||
| 260 |
_aWarszawa, _c1978. |
||
| 040 | _cBPK | ||
| 041 | _apol | ||
| 942 | _cKS | ||
| 008 | s pl f |000 0 pol | ||
| 999 |
_c17853 _d17853 |
||
| 856 |
_uhttp://koha.tu.koszalin.pl/cgi-bin/koha/opac-detail.pl?biblionumber=17853 _yKatalog online BPK |
||